[Event "GER-chT U14"]
[Site "Willingen"]
[Date "2021.06.24"]
[Round "2.2"]
[White "Jiang, Luke"]
[Black "Ruddat, Jarne"]
[Result "0-1"]
[WhiteElo "1358"]
[BlackElo "1385"]
[PlyCount "104"]
[EventDate "2021.06.23"]
[EventType "team-swiss"]
[EventRounds "7"]
[EventCountry "GER"]
[SourceTitle "EXT 2022"]
[Source "ChessBase"]
[SourceDate "2021.10.06"]
[SourceVersion "1"]
[SourceVersionDate "2021.10.06"]
[SourceQuality "1"]
[WhiteTeam "Berlin Empor"]
[BlackTeam "Lichtenberg Borussia"]
[WhiteTeamCountry "GER"]
[BlackTeamCountry "GER"]

1. e4 e5 2. Nf3 Nc6 3. Bc4 Bc5 4. c3 d6 5. d3 Nf6 6. Nbd2 Bg4 7. h3 Bh5 8. 0-0 a6 9. b4 Bb6 10. Bb3 h6 11. Nc4 Ba7 12. Be3 Qd7 13. a4 b6 14. Ncd2 g5 15. Qe1 g4 16. hxg4 Qxg4 17. Nh2 Qg6 18. f3 Rg8 19. Rf2 Nd8 20. b5 Ne6 21. Ndf1 Nh7 22. g4 Nhg5 23. Bxe6 fxe6 24. Rg2 Qg7 25. Qh4 Bf7 26. Raa2 d5 27. Ng3 Qf6 28. Rgf2 Bb8 29. c4 d4 30. Bc1 Nxf3+ 31. Nxf3 Qxh4 32. Nxh4 Rxg4 33. Rf3 Rxh4 34. Raf2 Bg6 35. Rf6 Rg4 36. Rxe6+ Kd7 37. Rxe5 Rxg3+ 38. Kf1 Rxd3 39. Rd2 Rxd2 40. Bxd2 axb5 41. Rd5+ Ke6 42. axb5 Bxe4 43. Rxd4 Bf5 44. Bxh6 c5 45. bxc6 Be5 46. Rd5 Ra2 47. Rb5 Bc3 48. Be3 Bh3+ 49. Kg1 Be5 50. Rxb6 Bh2+ 51. Kh1 Bf5 52. c7+ Kd7 0-1